000 00418pab a2200157 454500
008 180718b2006 xxu||||| |||| 00| 0 eng d
100 _aKlare, Michael
245 _aThe African `oil rush' and US national security
260 _c2006
300 _ap.609-28.
650 _aState security - United States
650 _aState security
700 _aVolman, Daniel
773 _aThird World Quarterly
909 _a70416
999 _c70416
_d70416